000 00772nab a2200229 u 4500
001 07881
003 HDC
007 cr bn ---aaaaa
008 210129c2012 my dr|nes 0 a may d
040 _aHDC
245 0 _aMATRADE Gesa Usahawan, Pengeksport Kemas Kini Profil
260 _aKuala Lumpur :
_bThe New Straits Times Press (M) Bhd.,
_c2012
336 _atext
_2rdacontent
337 _acomputer
_2rdamedia
338 _aonline resource
_2rdacarrier
650 _aExporters
_98424
650 _aTrade industry
_zMalaysia
_98400
856 _zRequest full-text at [email protected]
942 _2lcc
942 _cNEWS
942 _kNWSC 002274
999 _c5204
_d5204